00868nam a22002537a 4500001000500000005001700005020001800022040002900040050001500069082001000084100001900094245011200113260003000225300002200255505000700277520016500284521002600449521001700475650001600492650001900508650001300527700003800540700003600578219220231108154451.0 a9780061885204 aFISKHbengcFISKHdFISKH aPZ7.S27587 a813.6 aSazaklis, John aBatman: bdawn of the dynamic duo /cby John Sazaklis pictures by Steven E. Gordon colors by Eric A. Gordon aNew York :bHarper,c2011 a32 pages :c23 cm aK  aRelates how Batman and Robin first came together and describes their first battle against Two-Face and his plans to steal all the money at the Gotham City Mint. a600 bLexile estimate aK bRaz-Plus aSuperheroes aJustice League aVgilante aGordon, Steven E.eCo-illustrator aGordon, Eric A.eCo-illustrator